<?xml version="1.0" encoding="UTF-8"?>
<record
    xmlns:xsi="http://www.w3.org/2001/XMLSchema-instance"
    xsi:schemaLocation="http://www.loc.gov/MARC21/slim http://www.loc.gov/standards/marcxml/schema/MARC21slim.xsd"
    xmlns="http://www.loc.gov/MARC21/slim">

  <leader>00451    a2200181   4500</leader>
  <datafield tag="020" ind1=" " ind2=" ">
    <subfield code="a">9780471728979</subfield>
  </datafield>
  <datafield tag="082" ind1=" " ind2=" ">
    <subfield code="a">510.24621 KRE</subfield>
  </datafield>
  <datafield tag="090" ind1=" " ind2=" ">
    <subfield code="c">40026</subfield>
    <subfield code="d">40026</subfield>
  </datafield>
  <datafield tag="100" ind1=" " ind2=" ">
    <subfield code="a">Erwin Kreyszig</subfield>
  </datafield>
  <datafield tag="245" ind1=" " ind2=" ">
    <subfield code="a">Advance Engineering Mathematics 10 th/ed</subfield>
    <subfield code="h">English</subfield>
  </datafield>
  <datafield tag="250" ind1=" " ind2=" ">
    <subfield code="a">10 th</subfield>
  </datafield>
  <datafield tag="260" ind1=" " ind2=" ">
    <subfield code="a">Asia</subfield>
    <subfield code="b">wiley</subfield>
    <subfield code="c">2011</subfield>
  </datafield>
  <datafield tag="300" ind1=" " ind2=" ">
    <subfield code="a">xiii 1134p.</subfield>
  </datafield>
  <datafield tag="500" ind1=" " ind2=" ">
    <subfield code="a">H &amp; S text</subfield>
  </datafield>
  <datafield tag="505" ind1=" " ind2=" ">
    <subfield code="a">NUTS Books</subfield>
  </datafield>
  <datafield tag="600" ind1=" " ind2=" ">
    <subfield code="a">Mathematics</subfield>
  </datafield>
  <datafield tag="942" ind1=" " ind2=" ">
    <subfield code="a">caenust</subfield>
    <subfield code="k">510.24621KRE</subfield>
    <subfield code="c">BS</subfield>
  </datafield>
  <datafield tag="999" ind1=" " ind2=" ">
    <subfield code="c">475677</subfield>
    <subfield code="d">475677</subfield>
  </datafield>
  <datafield tag="952" ind1=" " ind2=" ">
    <subfield code="0">0</subfield>
    <subfield code="1">0</subfield>
    <subfield code="4">0</subfield>
    <subfield code="7">0</subfield>
    <subfield code="a">CAE</subfield>
    <subfield code="b">CAE </subfield>
    <subfield code="d">2018-03-30</subfield>
    <subfield code="l">0</subfield>
    <subfield code="o">510.24621 KRE</subfield>
    <subfield code="p">CAEN-5429</subfield>
    <subfield code="r">2018-03-30</subfield>
    <subfield code="w">2018-03-30</subfield>
    <subfield code="y">BK</subfield>
  </datafield>
  <datafield tag="952" ind1=" " ind2=" ">
    <subfield code="0">0</subfield>
    <subfield code="1">0</subfield>
    <subfield code="4">0</subfield>
    <subfield code="7">0</subfield>
    <subfield code="a">CAE</subfield>
    <subfield code="b">CAE </subfield>
    <subfield code="d">2018-03-30</subfield>
    <subfield code="l">0</subfield>
    <subfield code="o">510.24621 KRE</subfield>
    <subfield code="p">CAEN-5375</subfield>
    <subfield code="r">2018-03-30</subfield>
    <subfield code="w">2018-03-30</subfield>
    <subfield code="y">BK</subfield>
  </datafield>
  <datafield tag="952" ind1=" " ind2=" ">
    <subfield code="0">0</subfield>
    <subfield code="1">0</subfield>
    <subfield code="4">0</subfield>
    <subfield code="7">0</subfield>
    <subfield code="a">CAE</subfield>
    <subfield code="b">CAE </subfield>
    <subfield code="d">2018-03-30</subfield>
    <subfield code="l">0</subfield>
    <subfield code="o">510.24621 KRE</subfield>
    <subfield code="p">CAEN-5431</subfield>
    <subfield code="r">2018-03-30</subfield>
    <subfield code="w">2018-03-30</subfield>
    <subfield code="y">BK</subfield>
  </datafield>
  <datafield tag="952" ind1=" " ind2=" ">
    <subfield code="0">0</subfield>
    <subfield code="1">0</subfield>
    <subfield code="4">0</subfield>
    <subfield code="7">0</subfield>
    <subfield code="a">CAE</subfield>
    <subfield code="b">CAE </subfield>
    <subfield code="d">2018-03-30</subfield>
    <subfield code="l">0</subfield>
    <subfield code="o">510.24621 KRE</subfield>
    <subfield code="p">CAEN-5384</subfield>
    <subfield code="r">2018-03-30</subfield>
    <subfield code="w">2018-03-30</subfield>
    <subfield code="y">BK</subfield>
  </datafield>
  <datafield tag="952" ind1=" " ind2=" ">
    <subfield code="0">0</subfield>
    <subfield code="1">0</subfield>
    <subfield code="4">0</subfield>
    <subfield code="7">0</subfield>
    <subfield code="a">CAE</subfield>
    <subfield code="b">CAE </subfield>
    <subfield code="d">2018-03-30</subfield>
    <subfield code="l">0</subfield>
    <subfield code="o">510.24621 KRE</subfield>
    <subfield code="p">CAEN-5405</subfield>
    <subfield code="r">2018-03-30</subfield>
    <subfield code="w">2018-03-30</subfield>
    <subfield code="y">BK</subfield>
  </datafield>
  <datafield tag="952" ind1=" " ind2=" ">
    <subfield code="0">0</subfield>
    <subfield code="1">0</subfield>
    <subfield code="4">0</subfield>
    <subfield code="7">0</subfield>
    <subfield code="a">CAE</subfield>
    <subfield code="b">CAE </subfield>
    <subfield code="d">2018-03-30</subfield>
    <subfield code="l">0</subfield>
    <subfield code="o">510.24621 KRE</subfield>
    <subfield code="p">CAEN-5428</subfield>
    <subfield code="r">2018-03-30</subfield>
    <subfield code="w">2018-03-30</subfield>
    <subfield code="y">BK</subfield>
  </datafield>
  <datafield tag="952" ind1=" " ind2=" ">
    <subfield code="0">0</subfield>
    <subfield code="1">0</subfield>
    <subfield code="4">0</subfield>
    <subfield code="7">0</subfield>
    <subfield code="a">CAE</subfield>
    <subfield code="b">CAE </subfield>
    <subfield code="d">2018-03-30</subfield>
    <subfield code="l">0</subfield>
    <subfield code="o">510.24621 KRE</subfield>
    <subfield code="p">CAEN-5368</subfield>
    <subfield code="r">2018-03-30</subfield>
    <subfield code="w">2018-03-30</subfield>
    <subfield code="y">BK</subfield>
  </datafield>
  <datafield tag="952" ind1=" " ind2=" ">
    <subfield code="0">0</subfield>
    <subfield code="1">0</subfield>
    <subfield code="4">0</subfield>
    <subfield code="7">0</subfield>
    <subfield code="a">CAE</subfield>
    <subfield code="b">CAE </subfield>
    <subfield code="d">2018-03-30</subfield>
    <subfield code="l">0</subfield>
    <subfield code="o">510.24621 KRE</subfield>
    <subfield code="p">CAEN-5394</subfield>
    <subfield code="r">2018-03-30</subfield>
    <subfield code="w">2018-03-30</subfield>
    <subfield code="y">BK</subfield>
  </datafield>
  <datafield tag="952" ind1=" " ind2=" ">
    <subfield code="0">0</subfield>
    <subfield code="1">0</subfield>
    <subfield code="4">0</subfield>
    <subfield code="7">0</subfield>
    <subfield code="a">CAE</subfield>
    <subfield code="b">CAE </subfield>
    <subfield code="d">2018-03-30</subfield>
    <subfield code="l">0</subfield>
    <subfield code="o">510.24621 KRE</subfield>
    <subfield code="p">CAEN-5404</subfield>
    <subfield code="r">2018-03-30</subfield>
    <subfield code="w">2018-03-30</subfield>
    <subfield code="y">BK</subfield>
  </datafield>
  <datafield tag="952" ind1=" " ind2=" ">
    <subfield code="0">0</subfield>
    <subfield code="1">0</subfield>
    <subfield code="4">0</subfield>
    <subfield code="7">0</subfield>
    <subfield code="a">CAE</subfield>
    <subfield code="b">CAE </subfield>
    <subfield code="d">2018-03-30</subfield>
    <subfield code="l">0</subfield>
    <subfield code="o">510.24621 KRE</subfield>
    <subfield code="p">CAEN-5376</subfield>
    <subfield code="r">2018-03-30</subfield>
    <subfield code="w">2018-03-30</subfield>
    <subfield code="y">BK</subfield>
  </datafield>
  <datafield tag="952" ind1=" " ind2=" ">
    <subfield code="0">0</subfield>
    <subfield code="1">0</subfield>
    <subfield code="4">0</subfield>
    <subfield code="7">0</subfield>
    <subfield code="a">CAE</subfield>
    <subfield code="b">CAE </subfield>
    <subfield code="d">2018-03-30</subfield>
    <subfield code="l">0</subfield>
    <subfield code="o">510.24621 KRE</subfield>
    <subfield code="p">CAEN-5413</subfield>
    <subfield code="r">2018-03-30</subfield>
    <subfield code="w">2018-03-30</subfield>
    <subfield code="y">BK</subfield>
  </datafield>
  <datafield tag="952" ind1=" " ind2=" ">
    <subfield code="0">0</subfield>
    <subfield code="1">0</subfield>
    <subfield code="4">0</subfield>
    <subfield code="7">0</subfield>
    <subfield code="a">CAE</subfield>
    <subfield code="b">CAE </subfield>
    <subfield code="d">2018-03-30</subfield>
    <subfield code="l">0</subfield>
    <subfield code="o">510.24621 KRE</subfield>
    <subfield code="p">CAEN-5397</subfield>
    <subfield code="r">2018-03-30</subfield>
    <subfield code="w">2018-03-30</subfield>
    <subfield code="y">BK</subfield>
  </datafield>
  <datafield tag="952" ind1=" " ind2=" ">
    <subfield code="0">0</subfield>
    <subfield code="1">0</subfield>
    <subfield code="4">0</subfield>
    <subfield code="7">0</subfield>
    <subfield code="a">CAE</subfield>
    <subfield code="b">CAE </subfield>
    <subfield code="d">2018-03-30</subfield>
    <subfield code="l">0</subfield>
    <subfield code="o">510.24621 KRE</subfield>
    <subfield code="p">CAEN-5411</subfield>
    <subfield code="r">2018-03-30</subfield>
    <subfield code="w">2018-03-30</subfield>
    <subfield code="y">BK</subfield>
  </datafield>
  <datafield tag="952" ind1=" " ind2=" ">
    <subfield code="0">0</subfield>
    <subfield code="1">0</subfield>
    <subfield code="4">0</subfield>
    <subfield code="7">0</subfield>
    <subfield code="a">CAE</subfield>
    <subfield code="b">CAE </subfield>
    <subfield code="d">2018-03-30</subfield>
    <subfield code="l">0</subfield>
    <subfield code="o">510.24621 KRE</subfield>
    <subfield code="p">CAEN-5373</subfield>
    <subfield code="r">2018-03-30</subfield>
    <subfield code="w">2018-03-30</subfield>
    <subfield code="y">BK</subfield>
  </datafield>
  <datafield tag="952" ind1=" " ind2=" ">
    <subfield code="0">0</subfield>
    <subfield code="1">0</subfield>
    <subfield code="4">0</subfield>
    <subfield code="7">0</subfield>
    <subfield code="a">CAE</subfield>
    <subfield code="b">CAE </subfield>
    <subfield code="d">2018-03-30</subfield>
    <subfield code="l">0</subfield>
    <subfield code="o">510.24621 KRE</subfield>
    <subfield code="p">CAEN-5409</subfield>
    <subfield code="r">2018-03-30</subfield>
    <subfield code="w">2018-03-30</subfield>
    <subfield code="y">BK</subfield>
  </datafield>
  <datafield tag="952" ind1=" " ind2=" ">
    <subfield code="0">0</subfield>
    <subfield code="1">0</subfield>
    <subfield code="4">0</subfield>
    <subfield code="7">0</subfield>
    <subfield code="a">CAE</subfield>
    <subfield code="b">CAE </subfield>
    <subfield code="d">2018-03-30</subfield>
    <subfield code="l">0</subfield>
    <subfield code="o">510.24621 KRE</subfield>
    <subfield code="p">CAEN-5427</subfield>
    <subfield code="r">2018-03-30</subfield>
    <subfield code="w">2018-03-30</subfield>
    <subfield code="y">BK</subfield>
  </datafield>
  <datafield tag="952" ind1=" " ind2=" ">
    <subfield code="0">0</subfield>
    <subfield code="1">0</subfield>
    <subfield code="4">0</subfield>
    <subfield code="7">0</subfield>
    <subfield code="a">CAE</subfield>
    <subfield code="b">CAE </subfield>
    <subfield code="d">2018-03-30</subfield>
    <subfield code="l">0</subfield>
    <subfield code="o">510.24621 KRE</subfield>
    <subfield code="p">CAEN-5400</subfield>
    <subfield code="r">2018-03-30</subfield>
    <subfield code="w">2018-03-30</subfield>
    <subfield code="y">BK</subfield>
  </datafield>
  <datafield tag="952" ind1=" " ind2=" ">
    <subfield code="0">0</subfield>
    <subfield code="1">0</subfield>
    <subfield code="4">0</subfield>
    <subfield code="7">0</subfield>
    <subfield code="a">CAE</subfield>
    <subfield code="b">CAE </subfield>
    <subfield code="d">2018-03-30</subfield>
    <subfield code="l">0</subfield>
    <subfield code="o">510.24621 KRE</subfield>
    <subfield code="p">CAEN-5417</subfield>
    <subfield code="r">2018-03-30</subfield>
    <subfield code="w">2018-03-30</subfield>
    <subfield code="y">BK</subfield>
  </datafield>
  <datafield tag="952" ind1=" " ind2=" ">
    <subfield code="0">0</subfield>
    <subfield code="1">0</subfield>
    <subfield code="4">0</subfield>
    <subfield code="7">0</subfield>
    <subfield code="a">CAE</subfield>
    <subfield code="b">CAE </subfield>
    <subfield code="d">2018-03-30</subfield>
    <subfield code="l">0</subfield>
    <subfield code="o">510.24621 KRE</subfield>
    <subfield code="p">CAEN-5399</subfield>
    <subfield code="r">2018-03-30</subfield>
    <subfield code="w">2018-03-30</subfield>
    <subfield code="y">BK</subfield>
  </datafield>
  <datafield tag="952" ind1=" " ind2=" ">
    <subfield code="0">0</subfield>
    <subfield code="1">0</subfield>
    <subfield code="4">0</subfield>
    <subfield code="7">0</subfield>
    <subfield code="a">CAE</subfield>
    <subfield code="b">CAE </subfield>
    <subfield code="d">2018-03-30</subfield>
    <subfield code="l">0</subfield>
    <subfield code="o">510.24621 KRE</subfield>
    <subfield code="p">CAEN-5401</subfield>
    <subfield code="r">2018-03-30</subfield>
    <subfield code="w">2018-03-30</subfield>
    <subfield code="y">BK</subfield>
  </datafield>
  <datafield tag="952" ind1=" " ind2=" ">
    <subfield code="0">0</subfield>
    <subfield code="1">0</subfield>
    <subfield code="4">0</subfield>
    <subfield code="7">0</subfield>
    <subfield code="a">CAE</subfield>
    <subfield code="b">CAE </subfield>
    <subfield code="d">2018-03-30</subfield>
    <subfield code="l">0</subfield>
    <subfield code="o">510.24621 KRE</subfield>
    <subfield code="p">CAEN-5436</subfield>
    <subfield code="r">2018-03-30</subfield>
    <subfield code="w">2018-03-30</subfield>
    <subfield code="y">BK</subfield>
  </datafield>
  <datafield tag="952" ind1=" " ind2=" ">
    <subfield code="0">0</subfield>
    <subfield code="1">0</subfield>
    <subfield code="4">0</subfield>
    <subfield code="7">0</subfield>
    <subfield code="a">CAE</subfield>
    <subfield code="b">CAE </subfield>
    <subfield code="d">2018-03-30</subfield>
    <subfield code="l">0</subfield>
    <subfield code="o">510.24621 KRE</subfield>
    <subfield code="p">CAEN-5382</subfield>
    <subfield code="r">2018-03-30</subfield>
    <subfield code="w">2018-03-30</subfield>
    <subfield code="y">BK</subfield>
  </datafield>
  <datafield tag="952" ind1=" " ind2=" ">
    <subfield code="0">0</subfield>
    <subfield code="1">0</subfield>
    <subfield code="4">0</subfield>
    <subfield code="7">0</subfield>
    <subfield code="a">CAE</subfield>
    <subfield code="b">CAE </subfield>
    <subfield code="d">2018-03-30</subfield>
    <subfield code="l">0</subfield>
    <subfield code="o">510.24621 KRE</subfield>
    <subfield code="p">CAEN-5395</subfield>
    <subfield code="r">2018-03-30</subfield>
    <subfield code="w">2018-03-30</subfield>
    <subfield code="y">BK</subfield>
  </datafield>
  <datafield tag="952" ind1=" " ind2=" ">
    <subfield code="0">0</subfield>
    <subfield code="1">0</subfield>
    <subfield code="4">0</subfield>
    <subfield code="7">0</subfield>
    <subfield code="a">CAE</subfield>
    <subfield code="b">CAE </subfield>
    <subfield code="d">2018-03-30</subfield>
    <subfield code="l">0</subfield>
    <subfield code="o">510.24621 KRE</subfield>
    <subfield code="p">CAEN-5371</subfield>
    <subfield code="r">2018-03-30</subfield>
    <subfield code="w">2018-03-30</subfield>
    <subfield code="y">BK</subfield>
  </datafield>
  <datafield tag="952" ind1=" " ind2=" ">
    <subfield code="0">0</subfield>
    <subfield code="1">0</subfield>
    <subfield code="4">0</subfield>
    <subfield code="7">0</subfield>
    <subfield code="a">CAE</subfield>
    <subfield code="b">CAE </subfield>
    <subfield code="d">2018-03-30</subfield>
    <subfield code="l">0</subfield>
    <subfield code="o">510.24621 KRE</subfield>
    <subfield code="p">CAEN-5419</subfield>
    <subfield code="r">2018-03-30</subfield>
    <subfield code="w">2018-03-30</subfield>
    <subfield code="y">BK</subfield>
  </datafield>
  <datafield tag="952" ind1=" " ind2=" ">
    <subfield code="0">0</subfield>
    <subfield code="1">0</subfield>
    <subfield code="4">0</subfield>
    <subfield code="7">0</subfield>
    <subfield code="a">CAE</subfield>
    <subfield code="b">CAE </subfield>
    <subfield code="d">2018-03-30</subfield>
    <subfield code="l">0</subfield>
    <subfield code="o">510.24621 KRE</subfield>
    <subfield code="p">CAEN-5377</subfield>
    <subfield code="r">2018-03-30</subfield>
    <subfield code="w">2018-03-30</subfield>
    <subfield code="y">BK</subfield>
  </datafield>
  <datafield tag="952" ind1=" " ind2=" ">
    <subfield code="0">0</subfield>
    <subfield code="1">0</subfield>
    <subfield code="4">0</subfield>
    <subfield code="7">0</subfield>
    <subfield code="a">CAE</subfield>
    <subfield code="b">CAE </subfield>
    <subfield code="d">2018-03-30</subfield>
    <subfield code="l">0</subfield>
    <subfield code="o">510.24621 KRE</subfield>
    <subfield code="p">CAEN-5398</subfield>
    <subfield code="r">2018-03-30</subfield>
    <subfield code="w">2018-03-30</subfield>
    <subfield code="y">BK</subfield>
  </datafield>
  <datafield tag="952" ind1=" " ind2=" ">
    <subfield code="0">0</subfield>
    <subfield code="1">0</subfield>
    <subfield code="4">0</subfield>
    <subfield code="7">0</subfield>
    <subfield code="a">CAE</subfield>
    <subfield code="b">CAE </subfield>
    <subfield code="d">2018-03-30</subfield>
    <subfield code="l">0</subfield>
    <subfield code="o">510.24621 KRE</subfield>
    <subfield code="p">CAEN-5410</subfield>
    <subfield code="r">2018-03-30</subfield>
    <subfield code="w">2018-03-30</subfield>
    <subfield code="y">BK</subfield>
  </datafield>
  <datafield tag="952" ind1=" " ind2=" ">
    <subfield code="0">0</subfield>
    <subfield code="1">0</subfield>
    <subfield code="4">0</subfield>
    <subfield code="7">0</subfield>
    <subfield code="a">CAE</subfield>
    <subfield code="b">CAE </subfield>
    <subfield code="d">2018-03-30</subfield>
    <subfield code="l">0</subfield>
    <subfield code="o">510.24621 KRE</subfield>
    <subfield code="p">CAEN-5383</subfield>
    <subfield code="r">2018-03-30</subfield>
    <subfield code="w">2018-03-30</subfield>
    <subfield code="y">BK</subfield>
  </datafield>
  <datafield tag="952" ind1=" " ind2=" ">
    <subfield code="0">0</subfield>
    <subfield code="1">0</subfield>
    <subfield code="4">0</subfield>
    <subfield code="7">0</subfield>
    <subfield code="a">CAE</subfield>
    <subfield code="b">CAE </subfield>
    <subfield code="d">2018-03-30</subfield>
    <subfield code="l">0</subfield>
    <subfield code="o">510.24621 KRE</subfield>
    <subfield code="p">CAEN-5403</subfield>
    <subfield code="r">2018-03-30</subfield>
    <subfield code="w">2018-03-30</subfield>
    <subfield code="y">BK</subfield>
  </datafield>
  <datafield tag="952" ind1=" " ind2=" ">
    <subfield code="0">0</subfield>
    <subfield code="1">0</subfield>
    <subfield code="4">0</subfield>
    <subfield code="7">0</subfield>
    <subfield code="a">CAE</subfield>
    <subfield code="b">CAE </subfield>
    <subfield code="d">2018-03-30</subfield>
    <subfield code="l">0</subfield>
    <subfield code="o">510.24621 KRE</subfield>
    <subfield code="p">CAEN-5418</subfield>
    <subfield code="r">2018-03-30</subfield>
    <subfield code="w">2018-03-30</subfield>
    <subfield code="y">BK</subfield>
  </datafield>
  <datafield tag="952" ind1=" " ind2=" ">
    <subfield code="0">0</subfield>
    <subfield code="1">0</subfield>
    <subfield code="4">0</subfield>
    <subfield code="7">0</subfield>
    <subfield code="a">CAE</subfield>
    <subfield code="b">CAE </subfield>
    <subfield code="d">2018-03-30</subfield>
    <subfield code="l">0</subfield>
    <subfield code="o">510.24621 KRE</subfield>
    <subfield code="p">CAEN-5374</subfield>
    <subfield code="r">2018-03-30</subfield>
    <subfield code="w">2018-03-30</subfield>
    <subfield code="y">BK</subfield>
  </datafield>
  <datafield tag="952" ind1=" " ind2=" ">
    <subfield code="0">0</subfield>
    <subfield code="1">0</subfield>
    <subfield code="4">0</subfield>
    <subfield code="7">0</subfield>
    <subfield code="a">CAE</subfield>
    <subfield code="b">CAE </subfield>
    <subfield code="d">2018-03-30</subfield>
    <subfield code="l">0</subfield>
    <subfield code="o">510.24621 KRE</subfield>
    <subfield code="p">CAEN-5396</subfield>
    <subfield code="r">2018-03-30</subfield>
    <subfield code="w">2018-03-30</subfield>
    <subfield code="y">BK</subfield>
  </datafield>
</record>
